Geography Quiz

Random Geography or World Quiz

'P' Countries by Length Quiz Stats

Quiz Updated Aug 3, 2015

Challenge
Share
Tweet
Embed
Score 0/7 Timer 01:00
7 Plays Today
Length Country/Countries % Correct
8Pakistan, Paraguay, Portugal
94%
4Peru
92.9%
6Panama, Poland
88.5%
5Palau
65.6%
11Philippines
59.5%
14Papua New Guinea
56.5%
9Palestine
31.9%

You're not logged in!

Compare scores with friends on all Sporcle quizzes.
Join for Free
OR
Log In

You Might Also Like...

Show Comments

Extras

Top Quizzes Today


Score Distribution

Your Account Isn't Verified!

In order to create a playlist on Sporcle, you need to verify the email address you used during registration. Go to your Sporcle Settings to finish the process.

Report this User

Report this user for behavior that violates our Community Guidelines.

Details: